Romancero /

Guardado en:
Autor Principal: Peire, José E.
Formato: Libro
Publicado: Rosario : Pomponio, 1941
Materias:
Etiquetas: Agregar Etiqueta
Sin Etiquetas, Sea el primero en etiquetar este registro!
LEADER 00507nam a22001935a 4500
001 CEM.cems004971
005 20060217000000.0
008 130507s1941##################000#0#####d
003 CEMS
082 0 4 |a A861.4 
100 1 |a Peire, José E. 
245 1 0 |a Romancero / 
260 |a Rosario :  |b Pomponio,  |c 1941 
300 |a 147 p. 
653 |a Literatura 
653 |a Literatura argentina 
653 |a Poesia argentina-siglo 20 
653 |a Poesias 
859 |a CEMS  |b BIB. CEMS - 11 de abril  |h A861.4  |i P443  |p 10424.81  |t Ej.1